[Event "Mondiale Semilampo FIDE 2024"]
[Site "New York"]
[Date "26.12.2024"]
[Round "2.42"]
[White "Onischuk, Alexander"]
[Black "Muradli, Mahammad"]
[Result "1-0"]
[WhiteTitle "GM"]
[BlackTitle "GM"]
[WhiteElo "2640"]
[BlackElo "2588"]
[WhiteFideId "14101025"]
[BlackFideId "13409301"]
[EventDate "26.12.2024"]

1. c4 g6 2. Nc3 Bg7 3. g3 c5 4. Bg2 Nc6 5. Nf3 d6 6. O-O Nh6 7. b3 O-O 8. Bb2
Rb8 9. e3 Nf5 10. Qe2 a6 11. d3 b5 12. Nd5 e6 13. Bxg7 Nxg7 14. Nc3 d5 15. cxd5
exd5 16. d4 cxd4 17. Nxd4 Nxd4 18. exd4 Bb7 19. Rfe1 Re8 20. Qd2 Rxe1+ 21. Rxe1
Ne6 22. Re5 Qb6 23. Nxd5 Qxd4 24. Qxd4 Nxd4 25. Re7 Kf8 26. Rd7 Bc6 27. Nf6 Ne2+
28. Kf1 Bxg2+ 29. Kxg2 Kg7 30. Ne4 Nc1 31. Ng5 Nxa2 32. Rxf7+ Kg8 33. Ra7 Rb6
34. Nxh7 Nc1 35. g4 Nxb3 36. g5 Nc5 37. Nf6+ Kf8 38. f4 b4 39. Nd5 Rb8 40. Rc7
Ne6 41. Rc6 Kf7 42. f5 gxf5 43. g6+ Kxg6 44. Rxe6+ Kg5 45. Rxa6 b3 46. Nc3 Rc8
47. Ne2 Rb8 48. Ra1 b2 49. Rb1 f4 50. Nc3 Rc8 51. Ne4+ Kg4 52. Nf2+ Kh4 53. Rxb2 1-0

[Event "Mondiale Semilampo FIDE 2024"]
[Site "New York"]
[Date "26.12.2024"]
[Round "2.43"]
[White "Oparin, Grigoriy"]
[Black "Christiansen, Johan-Sebastian"]
[Result "1-0"]
[WhiteTitle "GM"]
[BlackTitle "GM"]
[WhiteElo "2653"]
[BlackElo "2661"]
[WhiteFideId "24125890"]
[BlackFideId "1512668"]
[EventDate "26.12.2024"]

1. d4 d5 2. c4 dxc4 3. Nf3 Nf6 4. e3 b5 5. a4 b4 6. Nbd2 c3 7. bxc3 bxc3 8. Nb1
e6 9. Nxc3 Bb4 10. Bd2 O-O 11. Be2 Nbd7 12. O-O c5 13. Nb5 Bb7 14. dxc5 Bxc5 15.
Bc3 Qe7 16. a5 a6 17. Nbd4 e5 18. Nf5 Qe6 19. Ng3 h6 20. Qa4 Rfc8 21. Rfc1 Bd5
22. Rab1 Bc6 23. Qa1 Bd6 24. Nd2 Nd5 25. Bb2 Bb5 26. Nc4 Bc7 27. h3 N5f6 28. Rc2
h5 29. Rbc1 h4 30. Nf1 Rcb8 31. Ba3 Ba4 32. Rd2 Bb5 33. Rdc2 Ba4 34. Rd2 Bb5 35.
Nh2 Ne4 36. Rb2 Rc8 37. Qb1 Ndc5 38. Nf3 Qf6 39. Nb6 Bxb6 40. axb6 Bxe2 41. Rxe2
Rab8 42. Rb2 Qe6 43. Bxc5 Rxc5 44. Rxc5 Nxc5 45. Ng5 Qh6 46. Qf5 Qg6 47. Qxe5
Nd7 48. Qe7 Nxb6 49. Rxb6 Qxb6 50. Qxf7+ Kh8 51. Qh5+ Kg8 52. Qf7+ Kh8 53. Qh5+
Kg8 54. Qh7+ Kf8 55. Qh8+ Ke7 56. Qxg7+ Kd6 57. Qh6+ Kd7 58. Qxh4 Qd6 59. Qa4+
Kc8 60. f4 Rb4 61. Qe8+ Kb7 62. Nf3 Rb2 63. Qf7+ Qc7 64. Qf6 Qc2 65. Qg7+ Kb6
66. Kh2 Rb1 67. h4 Qc1 68. Qg6+ Ka7 69. h5 Qh1+ 70. Kg3 Rb6 71. Qg7+ Rb7 72.
Qd4+ Ka8 73. Qe5 Ka7 74. Qd4+ Ka8 75. Qf6 Qxh5 76. Qxa6+ Kb8 77. Qf6 Ka8 78.
Qa1+ Ra7 79. Qe5 Qg6+ 80. Ng5 Rb7 81. Qd5 Qb1 82. Kg4 Qg1 83. Qd2 Qb1 84. e4 Kb8
85. g3 Qb3 86. Qd6+ Ka8 87. e5 Qe3 88. Qd5 Kb8 89. e6 Qe2+ 90. Qf3 Qe1 91. f5
Rb4+ 92. Kh5 Qe5 93. f6 Ka7 94. f7 Rb5 95. Qf4 Qe2+ 96. g4 Qxe6 97. f8=Q Rxg5+
98. Qxg5 1-0

[Event "Mondiale Semilampo FIDE 2024"]
[Site "New York"]
[Date "26.12.2024"]
[Round "2.44"]
[White "Makarian, Rudik"]
[Black "Salem, A.R. Saleh"]
[Result "0-1"]
[WhiteTitle "IM"]
[BlackTitle "GM"]
[WhiteElo "2547"]
[BlackElo "2622"]
[WhiteFideId "44105681"]
[BlackFideId "9301348"]
[EventDate "26.12.2024"]

1. d4 Nf6 2. c4 g6 3. Nc3 d5 4. Bf4 Bg7 5. e3 O-O 6. Rc1 c5 7. dxc5 Be6 8. Nf3
Nc6 9. Be2 Ne4 10. Nd4 Nxd4 11. exd4 Nxc3 12. bxc3 dxc4 13. Qa4 Bd5 14. O-O Qe8
15. Qb4 e5 16. Be3 Qc6 17. f3 a5 18. Qb6 Qxb6 19. cxb6 Rfe8 20. Kf2 a4 21. Rfd1
Ra5 22. Rb1 a3 23. g4 Bf6 24. Rb4 Bh4+ 25. Kf1 exd4 26. Bxd4 Be7 27. Rbb1 Bg5
28. Bf2 h5 29. gxh5 Be6 30. Kg2 gxh5 31. Bf1 Bf6 32. Bd4 Bh4 33. Bf2 Rg5+ 34.
Bg3 Rg6 35. Kf2 Bf6 36. Rbc1 Be7 37. Be5 Bh4+ 38. Bg3 Bg5 39. Rc2 Be7 40. Bd6
Bf5 41. Rcd2 Bg5 42. Rd5 Be3+ 43. Ke1 Rxd6 44. Bxc4 0-1

[Event "Mondiale Semilampo FIDE 2024"]
[Site "New York"]
[Date "26.12.2024"]
[Round "2.45"]
[White "Rasulov, Vugar"]
[Black "Cheparinov, Ivan"]
[Result "1-0"]
[WhiteTitle "GM"]
[BlackTitle "GM"]
[WhiteElo "2504"]
[BlackElo "2646"]
[WhiteFideId "13402390"]
[BlackFideId "2905540"]
[EventDate "26.12.2024"]

1. e4 c6 2. d4 d5 3. e5 Bf5 4. Nf3 e6 5. Be2 Ne7 6. O-O c5 7. c4 dxc4 8. Na3
Nbc6 9. Nxc4 Nd5 10. Bg5 Qd7 11. dxc5 Bxc5 12. Rc1 h6 13. Bh4 O-O 14. Bg3 Bg4
15. h3 Bh5 16. Nd6 Bxf3 17. Rxc5 Bxe2 18. Qxe2 Nce7 19. Rd1 f5 20. exf6 Rxf6 21.
Ne4 Rff8 22. Rc7 Qe8 23. Rxb7 Nf5 24. Be5 Rf7 25. Rxf7 Qxf7 26. Rc1 Rd8 27. a3
Qb7 28. Qg4 Rc8 29. Rxc8+ Qxc8 30. Nd6 Qc1+ 31. Kh2 Qe1 32. Nxf5 Qxe5+ 33. Ng3
Nf6 34. Qe2 Qd6 35. Kg1 Kf7 36. Qe3 a6 37. Ne4 Qd1+ 38. Kh2 Nxe4 39. Qxe4 Qd6+
40. g3 Qb6 41. Qf3+ Kg8 42. b4 Qd4 43. h4 e5 44. Qf5 e4 45. Kg2 Qc4 46. h5 Kh8
47. Qc5 Qd3 48. Qf8+ Kh7 49. Qf5+ Kh8 50. a4 Qc4 51. Qc5 Qd3 52. Qf8+ Kh7 53.
Qf5+ Kh8 54. b5 axb5 55. axb5 Qb3 56. Qc5 Qf3+ 57. Kh2 e3 58. fxe3 Qf2+ 59. Kh3
Qf3 60. Qc8+ Kh7 61. Qc2+ Kh8 62. Qd3 Qxh5+ 63. Kg2 Qc5 64. e4 Qe5 65. Qb1 Qc7
66. b6 Qb7 67. Kh2 h5 68. Qb5 h4 69. Qh5+ 1-0

[Event "Mondiale Semilampo FIDE 2024"]
[Site "New York"]
[Date "26.12.2024"]
[Round "2.46"]
[White "Lodici, Lorenzo"]
[Black "Meier, Georg"]
[Result "0-1"]
[WhiteTitle "GM"]
[BlackTitle "GM"]
[WhiteElo "2564"]
[BlackElo "2599"]
[WhiteFideId "884189"]
[BlackFideId "4675789"]
[EventDate "26.12.2024"]

1. d4 e6 2. c4 Nf6 3. Nc3 Bb4 4. e3 O-O 5. a3 Bxc3+ 6. bxc3 Nc6 7. Ne2 b6 8. Ng3
Ba6 9. e4 Ne8 10. h4 Na5 11. Rh3 Bxc4 12. Bxc4 Nxc4 13. Nh5 d6 14. Qg4 f5 15.
Qe2 d5 16. e5 c5 17. Bg5 Qd7 18. Nf4 Rc8 19. h5 Qf7 20. Qd3 Na5 21. Qg3 cxd4 22.
cxd4 Rc4 23. Rd1 Nc6 24. Ne2 b5 25. Qh4 a5 26. Rc1 b4 27. axb4 axb4 28. Ra1 h6
29. Be3 Nxe5 30. Nf4 Ng4 31. Ng6 Nef6 32. Nxf8 Qxf8 33. Qg3 Qc8 34. Qd6 Ne4 35.
Qa6 Qxa6 36. Rxa6 Nxe3 37. Rxe3 Rc1+ 38. Ke2 Rc2+ 39. Ke1 Kf7 40. f3 f4 41. Rb3
Ng5 42. Kf1 Rc4 43. Rb6 Rxd4 44. R6xb4 Rxb4 45. Rxb4 e5 46. Rb7+ Kf6 47. Rd7 e4
48. Ke2 exf3+ 49. gxf3 Nf7 50. Rxd5 Ne5 51. Rb5 Kf5 52. Rb7 Kf6 53. Ra7 Nf7 54.
Kd3 Ng5 55. Ra4 Kf5 56. Ra5+ Kf6 57. Kd4 Ke6 58. Ra7 Kf5 59. Rxg7 0-1

[Event "Mondiale Semilampo FIDE 2024"]
[Site "New York"]
[Date "26.12.2024"]
[Round "2.47"]
[White "Bluebaum, Matthias"]
[Black "Kacharava, Nikolozi"]
[Result "1-0"]
[WhiteTitle "GM"]
[BlackTitle "GM"]
[WhiteElo "2650"]
[BlackElo "2510"]
[WhiteFideId "24651516"]
[BlackFideId "13611860"]
[EventDate "26.12.2024"]

1. d4 d5 2. c4 dxc4 3. e4 b5 4. a4 c6 5. Nc3 b4 6. Nce2 Nf6 7. Ng3 e5 8. Nf3
exd4 9. Bxc4 Bc5 10. e5 Nd5 11. Ne4 Be7 12. Qxd4 Qb6 13. a5 Qxd4 14. Nxd4 Ba6
15. Bxa6 Nxa6 16. Nxc6 Kd7 17. Nxe7 Kxe7 18. O-O f6 19. exf6+ gxf6 20. Re1 Nac7
21. Bd2 Rhd8 22. Rac1 Rac8 23. Rc4 Ne6 24. Bxb4+ Nxb4 25. Rxb4 Rc7 26. Rb5 Nd4
27. Rh5 Rh8 28. Rh6 f5 29. Ng5+ Kf8 30. h4 Rd7 31. Ne6+ Nxe6 32. Rexe6 Kg7 33.
Rh5 Rb8 34. Rg5+ Kh8 35. Rxf5 Rxb2 36. Re8+ Kg7 37. Rg5+ Kf6 38. Rf8+ Ke6 39.
Rgf5 Rd4 40. R8f6+ Ke7 41. Rh6 Rd1+ 42. Kh2 Rbb1 43. Rxh7+ Ke6 44. Rf4 Rh1+ 45.
Kg3 Rb3+ 46. Kg4 Ra3 47. Rxa7 Kd5 1-0

[Event "Mondiale Semilampo FIDE 2024"]
[Site "New York"]
[Date "26.12.2024"]
[Round "2.48"]
[White "Fressinet, Laurent"]
[Black "Karthik, Venkataraman"]
[Result "1-0"]
[WhiteTitle "GM"]
[BlackTitle "GM"]
[WhiteElo "2588"]
[BlackElo "2603"]
[WhiteFideId "608742"]
[BlackFideId "25006479"]
[EventDate "26.12.2024"]

1. Nf3 d5 2. e3 c5 3. b3 a6 4. Bb2 Nc6 5. d4 Nf6 6. Be2 cxd4 7. Nxd4 Bd7 8. O-O
e6 9. c4 dxc4 10. bxc4 Be7 11. Nd2 Nxd4 12. Bxd4 Bc6 13. Nf3 O-O 14. Ne5 Qc7 15.
Nxc6 bxc6 16. Bf3 Nd7 17. Qa4 Rfc8 18. Rab1 a5 19. Rfd1 h6 20. g3 Bc5 21. Bc3
Bb4 22. Ba1 Bf8 23. Kg2 Nc5 24. Qc2 Rd8 25. Bc3 Be7 26. h4 Rab8 27. h5 a4 28.
Bd4 a3 29. Rxb8 Rxb8 30. Rb1 Rxb1 31. Qxb1 Na6 32. Qb3 Bf8 33. Qa4 Nb4 34. Qxa3
Nc2 35. Qc1 Nxd4 36. exd4 Qa7 37. Qd2 Qa4 38. c5 Be7 39. Qf4 Bf6 40. Qb8+ Kh7
41. Be4+ g6 42. Qc7 1-0

[Event "Mondiale Semilampo FIDE 2024"]
[Site "New York"]
[Date "26.12.2024"]
[Round "2.49"]
[White "Pichot, Alan"]
[Black "Juksta, Karolis"]
[Result "1-0"]
[WhiteTitle "GM"]
[BlackTitle "IM"]
[WhiteElo "2637"]
[BlackElo "2403"]
[WhiteFideId "110973"]
[BlackFideId "12809039"]
[EventDate "26.12.2024"]

1. e4 e5 2. Nf3 Nf6 3. d4 Nxe4 4. dxe5 d5 5. Nbd2 Nxd2 6. Bxd2 Be7 7. Bd3 c5 8.
c3 Nc6 9. O-O Bg4 10. Bf4 Qd7 11. h3 Bf5 12. Re1 O-O 13. Qc2 Bxd3 14. Qxd3 h6
15. Rad1 Rad8 16. c4 Nb4 17. Qb1 Qe6 18. cxd5 Rxd5 19. a3 Nc6 20. Rxd5 Qxd5 21.
Bg3 Rd8 22. Kh2 b5 23. Qc1 c4 24. Qf4 Nd4 25. Nh4 Bxh4 26. Bxh4 Ne6 27. Qg4 Re8
28. f4 Qd2 29. f5 Qf4+ 30. Kg1 Qxg4 31. hxg4 Nf4 32. Bg3 Nd3 33. Re2 Rd8 34. e6
fxe6 35. fxe6 Re8 36. Bd6 g5 37. g3 Kg7 38. Kg2 Kf6 39. e7 a5 40. Re3 a4 41. Kf1
Kf7 42. Re2 Rc8 43. Kg2 Ke8 44. Be5 Kxe7 45. Bc3+ Kf7 46. Kf3 Rc6 47. Re4 Rd6
48. Ke3 Re6 49. Kd4 Rd6+ 50. Ke3 Rd8 51. Rd4 Re8+ 52. Kf3 Rb8 53. Rd6 b4 54.
axb4 Nxb4 55. Ke4 Nd3 56. Kd5 Rb5+ 57. Kxc4 Rb3 58. Rxd3 Ke6 59. Rd8 Rb6 60. Ra8 1-0

[Event "Mondiale Semilampo FIDE 2024"]
[Site "New York"]
[Date "26.12.2024"]
[Round "2.50"]
[White "Paravyan, David"]
[Black "Hungaski, Robert"]
[Result "1-0"]
[WhiteTitle "GM"]
[BlackTitle "GM"]
[WhiteElo "2620"]
[BlackElo "2477"]
[WhiteFideId "4194985"]
[BlackFideId "2021030"]
[EventDate "26.12.2024"]

1. e4 e6 2. d4 d5 3. Nc3 Bb4 4. e5 c5 5. a3 Bxc3+ 6. bxc3 Nc6 7. Qg4 g6 8. Qf4
Qa5 9. Bd2 c4 10. a4 h6 11. h4 Bd7 12. Ne2 Rh7 13. g4 O-O-O 14. Bg2 Nge7 15. h5
g5 16. Qg3 Kb8 17. f4 gxf4 18. Qxf4 Ka8 19. Qf6 Rdh8 20. Rf1 Qd8 21. Bc1 Qg8 22.
Bh3 Nc8 23. Ba3 Qe8 24. g5 hxg5 25. Bg4 N6e7 26. Kd2 a6 27. a5 Ng8 28. Qxg5 Nh6
29. Bf3 Nf5 30. Rg1 Nce7 31. Bc5 Nc6 32. Nf4 Nce7 33. Nh3 Ng8 34. Bb6 f6 35.
exf6 Rf7 36. Nf4 Nxf6 37. Rae1 Qc8 38. Ng6 Rg8 39. Qf4 Rh7 40. Rg5 Be8 41. Qe5
Bxg6 42. hxg6 Rh3 43. Bg2 Nh4 44. Qxf6 Rh2 45. Re2 Rxg2 46. Rgxg2 1-0

[Event "Mondiale Semilampo FIDE 2024"]
[Site "New York"]
[Date "26.12.2024"]
[Round "2.51"]
[White "Horvath, Dominik"]
[Black "Lomasov, Semyon"]
[Result "0-1"]
[WhiteTitle "GM"]
[BlackTitle "GM"]
[WhiteElo "2542"]
[BlackElo "2559"]
[WhiteFideId "1642561"]
[BlackFideId "24164879"]
[EventDate "26.12.2024"]

1. Nf3 Nf6 2. g3 c5 3. Bg2 Nc6 4. O-O e5 5. c4 d5 6. Qa4 Bd6 7. Ng5 O-O 8. cxd5
Nd4 9. Nc3 h6 10. Nf3 b5 11. Nxb5 Nxe2+ 12. Kh1 e4 13. Ng1 Nxg1 14. Kxg1 Re8 15.
Qc4 Bf5 16. Re1 Be5 17. Nc3 Bd4 18. h3 Rb8 19. a3 Qd7 20. Ne2 Bxh3 21. Nxd4 cxd4
22. Qxd4 Rb5 23. b4 Rxd5 24. Qc4 Bxg2 25. Kxg2 Rh5 26. Rh1 Rxh1 27. Kxh1 Qh3+
28. Kg1 Ng4 29. Qd4 Nh2 0-1

[Event "Mondiale Semilampo FIDE 2024"]
[Site "New York"]
[Date "26.12.2024"]
[Round "2.52"]
[White "Lazavik, Denis"]
[Black "Kvaloy, Aksel Bu"]
[Result "1-0"]
[WhiteTitle "GM"]
[BlackTitle "IM"]
[WhiteElo "2578"]
[BlackElo "2490"]
[WhiteFideId "13515110"]
[BlackFideId "1528815"]
[EventDate "26.12.2024"]

1. d4 Nf6 2. c4 e6 3. Nc3 Bb4 4. a3 Bxc3+ 5. bxc3 O-O 6. f3 d5 7. cxd5 exd5 8.
e3 b6 9. Bd3 Ba6 10. Ne2 Bxd3 11. Qxd3 Re8 12. O-O c5 13. Ng3 Nc6 14. Bb2 Rc8
15. Rae1 Rc7 16. e4 dxe4 17. fxe4 Ne5 18. Qd1 Nc4 19. Bc1 cxd4 20. cxd4 Rd7 21.
d5 h6 22. Bxh6 gxh6 23. Rxf6 Qxf6 24. Qg4+ Kf8 25. Qxd7 Nd2 26. Qa4 Qc3 27. Qd1
Nc4 28. Nf5 Qd2 29. Qa1 Qb2 30. Qxb2 Nxb2 31. d6 Nd3 32. Re3 Nc5 33. Nxh6 Rxe4
34. Rg3 Ke8 35. Rg8+ Kd7 36. Nxf7 Rf4 37. Rd8+ Kc6 38. Ne5+ Kd5 39. d7 Re4 40.
Ra8 Ne6 41. Nf3 Ra4 42. d8=Q+ Nxd8 43. Rxd8+ Ke4 44. Re8+ Kf4 45. Rf8+ Ke4 46.
h4 Rxa3 47. h5 Ra5 48. h6 Kd5 1-0

[Event "Mondiale Semilampo FIDE 2024"]
[Site "New York"]
[Date "26.12.2024"]
[Round "2.53"]
[White "Suleymanli, Aydin"]
[Black "Hardaway, Brewington"]
[Result "0-1"]
[WhiteTitle "GM"]
[BlackTitle "IM"]
[WhiteElo "2623"]
[BlackElo "2499"]
[WhiteFideId "13413937"]
[BlackFideId "30941849"]
[EventDate "26.12.2024"]

1. c4 e5 2. Nc3 Nf6 3. Nf3 Nc6 4. g3 Bc5 5. Nxe5 Bxf2+ 6. Kxf2 Nxe5 7. d4 Nxc4
8. e4 d5 9. Bxc4 dxc4 10. Qa4+ c6 11. Qxc4 O-O 12. Re1 Be6 13. Qd3 Qb6 14. Kg2
Rad8 15. Rd1 Bg4 16. Rd2 Rfe8 17. b3 Qa5 18. h3 Bh5 19. b4 Qxb4 20. Rb1 Qe7 21.
Rf2 h6 22. e5 Nd5 23. Ne4 Bg6 24. Rb3 c5 25. Qf3 cxd4 26. Nd6 Rxd6 27. exd6 Qxd6
28. Kh2 b6 29. Rbb2 Nc3 30. Bf4 Qe6 31. a4 Be4 32. Qg4 Qxg4 33. hxg4 Nd1 34. g5
hxg5 35. Bxg5 f6 36. Bf4 Kf7 37. g4 Rc8 38. Kg1 Nxb2 39. Rxb2 Rc4 40. a5 bxa5
41. g5 Rb4 42. Re2 d3 43. Rd2 a4 44. gxf6 gxf6 45. Bd6 Rb1+ 46. Kf2 Ke6 47. Bf8
Rh1 48. Ke3 Ke5 49. Rf2 Re1+ 50. Kd2 Rb1 51. Ke3 f5 52. Bg7+ Kd5 53. Ra2 Re1+
54. Kf2 Re2+ 55. Rxe2 dxe2 56. Kxe2 Kc4 57. Be5 Kb3 58. Kd2 a3 59. Bd4 a2 60.
Kc1 f4 61. Kd2 f3 62. Be5 a5 63. Bd4 a4 0-1

[Event "Mondiale Semilampo FIDE 2024"]
[Site "New York"]
[Date "26.12.2024"]
[Round "2.54"]
[White "Theodorou, Nikolas"]
[Black "Bai, Adelard"]
[Result "0-1"]
[WhiteTitle "GM"]
[BlackTitle "IM"]
[WhiteElo "2600"]
[BlackElo "2393"]
[WhiteFideId "4262875"]
[BlackFideId "16301188"]
[EventDate "26.12.2024"]

1. d4 Nf6 2. c4 e6 3. Nf3 Bb4+ 4. Nbd2 b6 5. a3 Bxd2+ 6. Nxd2 Bb7 7. e3 d6 8. b3
Nbd7 9. Bb2 Qe7 10. Qc2 h6 11. Be2 Bxg2 12. Rg1 Bb7 13. Rxg7 O-O-O 14. O-O-O
Rdg8 15. Rdg1 Rxg7 16. Rxg7 Qf8 17. Rg3 h5 18. h4 Ng4 19. d5 Rg8 20. Qh7 exd5
21. Qxh5 f5 22. Qh7 Nde5 23. Qh5 dxc4 24. Nxc4 Bd5 25. Nxe5 dxe5 26. Bd3 Be6 27.
Kb1 Rh8 28. Qg6 Bd7 29. f3 Rg8 30. Qh7 Rh8 31. Ba6+ Kd8 32. Qg6 Rg8 33. Qh5 Be8
34. Qh7 Bg6 35. Qxg8 Qxg8 36. Ka2 Bf7 37. fxg4 Bxb3+ 38. Ka1 fxg4 39. e4 Be6 40.
Bxe5 Qf7 41. Rd3+ Ke7 42. Bxc7 Qf1+ 43. Kb2 Qf2+ 44. Kb1 Qf1+ 45. Kb2 Qf2+ 46.
Kb1 Ba2+ 47. Ka1 Qc2 48. Bd6+ Kf7 0-1

[Event "Mondiale Semilampo FIDE 2024"]
[Site "New York"]
[Date "26.12.2024"]
[Round "2.55"]
[White "Ohanyan, Emin"]
[Black "Xiong, Jeffery"]
[Result "1/2-1/2"]
[WhiteTitle "GM"]
[BlackTitle "GM"]
[WhiteElo "2514"]
[BlackElo "2636"]
[WhiteFideId "13312022"]
[BlackFideId "2047640"]
[EventDate "26.12.2024"]

1. e4 c5 2. d4 cxd4 3. Qxd4 Nf6 4. Nc3 Nc6 5. Qd3 e6 6. Bf4 Bb4 7. O-O-O O-O 8.
Nge2 d5 9. exd5 exd5 10. Nxd5 Be6 11. Nc7 Qxd3 12. Rxd3 Bc4 13. Nxa8 Bxd3 14.
cxd3 Rxa8 15. a3 Be1 16. Bg3 Ng4 17. f3 Nf2 18. Bxf2 Bxf2 19. Nc3 Nd4 20. Be2 h5
21. Bd1 Be3+ 22. Kb1 h4 23. Re1 Bg5 24. Re5 Bf6 25. Ra5 Kf8 26. g3 g6 27. Ne4
Be7 28. Ra4 Nc6 29. Nc3 Rd8 30. Kc2 a6 31. Re4 Kg7 32. f4 f5 33. Re1 hxg3 34.
hxg3 Rh8 35. Kb1 Bc5 36. g4 Rh3 37. gxf5 gxf5 1/2-1/2

[Event "Mondiale Semilampo FIDE 2024"]
[Site "New York"]
[Date "26.12.2024"]
[Round "2.56"]
[White "Matviishen, Viktor"]
[Black "Le, Quang Liem"]
[Result "1-0"]
[WhiteTitle "GM"]
[BlackTitle "GM"]
[WhiteElo "2566"]
[BlackElo "2739"]
[WhiteFideId "14129850"]
[BlackFideId "12401137"]
[EventDate "26.12.2024"]

1. d4 Nf6 2. c4 e6 3. Nc3 Bb4 4. e3 O-O 5. Bd3 Re8 6. Nf3 Bxc3+ 7. bxc3 d6 8.
O-O e5 9. e4 exd4 10. cxd4 Nxe4 11. Re1 Nf6 12. Rxe8+ Qxe8 13. Bg5 Nbd7 14. Qd2
b6 15. Nh4 Bb7 16. Nf5 Qf8 17. f3 Re8 18. Nxg7 Ne4 19. Bxe4 Rxe4 20. Bh6 Rh4 21.
Nf5 Rxh6 22. Nxh6+ Kh8 23. Re1 Nf6 24. Qf4 Qg7 25. Re7 Qg6 26. Nxf7+ Kg8 27.
Nh6+ Kh8 28. h4 Bxf3 29. Nf7+ 1-0

[Event "Mondiale Semilampo FIDE 2024"]
[Site "New York"]
[Date "26.12.2024"]
[Round "2.57"]
[White "Samadov, Read"]
[Black "Van Foreest, Jorden"]
[Result "1-0"]
[WhiteTitle "IM"]
[BlackTitle "GM"]
[WhiteElo "2501"]
[BlackElo "2677"]
[WhiteFideId "13417444"]
[BlackFideId "1039784"]
[EventDate "26.12.2024"]

1. d4 d5 2. c4 c6 3. Nf3 Nf6 4. Nc3 dxc4 5. a4 Bf5 6. Ne5 Nbd7 7. Nxc4 Nb6 8.
Ne5 a5 9. h4 h6 10. f3 e6 11. e4 Bh7 12. Be3 Bb4 13. Qb3 O-O 14. g4 Nfd7 15. Nd3
Qe7 16. Be2 Kh8 17. g5 f5 18. gxh6 fxe4 19. fxe4 gxh6 20. Bxh6 Bxe4 21. Bxf8
Rxf8 22. Rh3 Bf5 23. Rh1 e5 24. d5 Nxd5 25. O-O-O Nxc3 26. bxc3 Ba3+ 27. Kb1 b5
28. Rhf1 bxa4 29. Qxa4 Rb8+ 30. Ka1 Nb6 31. Qxc6 Bb2+ 32. Kxb2 Nd5+ 33. Kc1 Be4
34. Qh6+ Bh7 35. Kd2 Rd8 36. Qg5 e4 37. Qe5+ Qg7 38. Rg1 Qf6 39. Rdf1 e3+ 1-0

[Event "Mondiale Semilampo FIDE 2024"]
[Site "New York"]
[Date "26.12.2024"]
[Round "2.58"]
[White "Esipenko, Andrey"]
[Black "Batsuren, Dambasuren"]
[Result "1-0"]
[WhiteTitle "GM"]
[BlackTitle "GM"]
[WhiteElo "2682"]
[BlackElo "2531"]
[WhiteFideId "24175439"]
[BlackFideId "4902920"]
[EventDate "26.12.2024"]

1. e4 e5 2. Nf3 Nc6 3. Bb5 a6 4. Ba4 Bc5 5. c3 Nge7 6. d4 exd4 7. cxd4 Bb4+ 8.
Nc3 d5 9. exd5 Nxd5 10. O-O O-O 11. Bg5 Be7 12. Bxc6 bxc6 13. Bxe7 Nxe7 14. Qa4
Be6 15. Rfe1 Rb8 16. b3 Rb6 17. Qa5 Nd5 18. Rac1 Nxc3 19. Qxc3 Qd6 20. Ne5 Bd5
21. Nd3 Qg6 22. f3 Rd8 23. Nc5 h6 24. Re5 Qd6 25. Rce1 Kh7 26. h4 Be6 27. R1e4
Re8 28. h5 Rbb8 29. Qd3 Kg8 30. Qxa6 Ra8 31. Qe2 Rab8 32. f4 Rf8 33. Nxe6 fxe6
34. Rxe6 Qd5 35. Qc4 Qxc4 36. bxc4 Rb2 37. Rxc6 Rf7 38. Kh2 Rxa2 39. Kh3 Kh7 40.
g3 Rd2 41. d5 Rd3 42. Kg4 Rc3 43. Re8 Ra3 44. d6 Ra7 45. c5 Rb7 46. Rd8 1-0

[Event "Mondiale Semilampo FIDE 2024"]
[Site "New York"]
[Date "26.12.2024"]
[Round "2.59"]
[White "Anton Guijarro, David"]
[Black "Druska, Juraj"]
[Result "1-0"]
[WhiteTitle "GM"]
[BlackTitle "IM"]
[WhiteElo "2673"]
[BlackElo "2423"]
[WhiteFideId "2285525"]
[BlackFideId "14915650"]
[EventDate "26.12.2024"]

1. e4 c5 2. Nf3 Nc6 3. Bb5 g6 4. Bxc6 bxc6 5. O-O Bg7 6. Re1 Qc7 7. h3 d6 8. Na3
Nh6 9. d3 O-O 10. e5 f6 11. exd6 exd6 12. c3 Nf7 13. d4 cxd4 14. cxd4 Bf5 15.
Qa4 Rfe8 16. Rxe8+ Rxe8 17. Be3 Be4 18. Rc1 Bd5 19. Nc2 Qd7 20. Nd2 Ng5 21. Bxg5
fxg5 22. Ne3 Qf7 23. Nxd5 Qxd5 24. Nf3 h5 25. Rxc6 Re7 26. Qc4 Qxc4 27. Rxc4 g4
28. Ng5 Bf6 29. h4 d5 30. Ra4 Kg7 31. g3 Kh6 32. Ra5 Bxd4 33. Rxd5 Bxb2 34. Rd6
Be5 35. Rc6 Rd7 36. Kf1 Kg7 37. Ke2 Rb7 38. Ne6+ Kg8 39. Nc5 Rb6 40. Rc8+ Kf7
41. Nd3 Bd6 42. a4 Ke6 43. Ke3 Rb3 44. Ke4 Ra3 45. Rc4 Ra2 46. Kd4 Ra3 47. Ke3
Kd5 48. Rd4+ Ke6 49. Ke4 Ra2 50. Rc4 Ra3 51. Nf4+ Bxf4 52. Kxf4 Rf3+ 53. Kg5
Rxf2 54. Kxg6 Rf3 55. Kxh5 Rxg3 56. Rxg4 Rb3 57. Kg6 Ke5 58. Rg5+ Kf4 59. Ra5
Rb6+ 60. Kg7 Rb7+ 61. Kg8 Rb8+ 62. Kf7 Rb7+ 63. Ke8 Rh7 64. h5 Kg4 65. Kd8 Kf4
66. Kc8 Ke4 67. Rg5 Kf4 68. Rc5 Ke4 69. a5 Kd4 70. Rg5 Ke4 71. a6 Kd4 72. Rf5
Ke4 73. Rb5 Rh8+ 74. Kd7 Rh6 75. Ra5 Kf4 76. Kc7 Kg4 77. Kb8 Rh7 78. Rb5 Kf4 79.
Rb7 Rxh5 80. Kxa7 Rh6 81. Re7 Kf5 82. Kb7 Kf6 83. Rc7 Rh1 84. a7 Rb1+ 85. Kc8 1-0

[Event "Mondiale Semilampo FIDE 2024"]
[Site "New York"]
[Date "26.12.2024"]
[Round "2.60"]
[White "Barbosa, Oliver"]
[Black "Isanzhulov, Arystan"]
[Result "0-1"]
[WhiteTitle "GM"]
[BlackTitle "IM"]
[WhiteElo "2451"]
[BlackElo "2395"]
[WhiteFideId "5201640"]
[BlackFideId "13711644"]
[EventDate "26.12.2024"]

1. d4 Nf6 2. Bg5 e6 3. e4 h6 4. Bxf6 Qxf6 5. c3 d6 6. Bd3 g5 7. Ne2 Nc6 8. Na3
a6 9. Ng3 e5 10. Nc2 g4 11. Ne3 exd4 12. Nd5 Qd8 13. Nh5 Be7 14. cxd4 Nxd4 15.
Bxa6 c5 16. Be2 Rg8 17. O-O Rg5 18. Nhf4 Bf6 19. b4 Kf8 20. bxc5 dxc5 21. Rc1
Be5 22. Qd2 Bxf4 23. Nxf4 Nf3+ 0-1

[Event "Mondiale Semilampo FIDE 2024"]
[Site "New York"]
[Date "26.12.2024"]
[Round "2.61"]
[White "Tang, Andrew"]
[Black "Akobian, Varuzhan"]
[Result "0-1"]
[WhiteTitle "GM"]
[BlackTitle "GM"]
[WhiteElo "2527"]
[BlackElo "2564"]
[WhiteFideId "2059630"]
[BlackFideId "13300580"]
[EventDate "26.12.2024"]

1. d4 e6 2. Bf4 Nf6 3. e3 b6 4. Nf3 Bb7 5. a4 a5 6. Nbd2 Be7 7. h3 O-O 8. c3 d5
9. h4 Nbd7 10. h5 h6 11. Ne5 c5 12. Qf3 Nxe5 13. dxe5 Ne4 14. Qg4 Kh8 15. Nxe4
dxe4 16. Bb5 Qc7 17. O-O-O Bc6 18. Qe2 Rad8 19. Kc2 Bxb5 20. Qxb5 Rxd1 21. Rxd1
Rd8 22. f3 exf3 23. gxf3 Rxd1 24. Kxd1 Qd8+ 25. Ke2 Kg8 26. Qc6 Kh7 27. Bh2 Bf8
28. Bg3 Kg8 29. Bf2 Be7 30. Bg1 Bh4 31. f4 Be7 32. e4 Kh7 33. Be3 Bf8 34. Bf2
Be7 35. Qb7 Kg8 36. Qc6 Kh7 37. f5 Bg5 38. Be1 Qe7 39. Bg3 Qd8 40. Qd6 Qe8 41.
b3 c4 42. Qxb6 cxb3 43. Qxb3 Qc6 44. Qc2 exf5 45. Kf3 Kg8 46. c4 Be7 47. Qd3
fxe4+ 48. Qxe4 Qxa4 49. Qa8+ Bf8 50. Qd5 Qa3+ 51. Kg4 Qc5 52. Kf5 a4 53. e6 Qc8
54. Be5 a3 55. Qd7 fxe6+ 56. Qxe6+ Qxe6+ 57. Kxe6 g5 0-1